Jesus is coming / (Record no. 34232)
[ view plain ]
| 000 -LEADER | |
|---|---|
| fixed length control field | 00547nam a2200169 4500 |
| 008 - FIXED-LENGTH DATA ELEMENTS--GENERAL INFORMATION | |
| fixed length control field | 100512s1982 mdum a000 0 eng d |
| 090 ## - LOCALLY ASSIGNED LC-TYPE CALL NUMBER (OCLC); LOCAL CALL NUMBER (OCLC) | |
| Classification number (OCLC) (R) ; Classification number, CALL (RLIN) (NR) | BT886/T15j |
| Local cutter number (OCLC) ; Book number/undivided call number, CALL (RLIN) | c.3 |
| 100 1# - MAIN ENTRY--PERSONAL NAME | |
| Personal name | Tan, Paul Lee. |
| 245 10 - TITLE STATEMENT | |
| Title | Jesus is coming / |
| Statement of responsibility, etc | by Paul Lee Tan. |
| 260 ## - PUBLICATION, DISTRIBUTION, ETC. (IMPRINT) | |
| Place of publication, distribution, etc | Rockville, Maryland : |
| Name of publisher, distributor, etc | Assurance Publishers, |
| Date of publication, distribution, etc | 1982. |
| 300 ## - PHYSICAL DESCRIPTION | |
| Extent | 86 p. ; |
| Dimensions | 22 cm. |
| 500 ## - GENERAL NOTE | |
| General note | On cover: Major themes in Bible prophecy. |
| 630 04 - SUBJECT ADDED ENTRY--UNIFORM TITLE | |
| Uniform title | Bible |
| General subdivision | Prophecies. |
| 650 #4 - SUBJECT ADDED ENTRY--TOPICAL TERM | |
| Topical term or geographic name as entry element | Second Advent. |
| 951 ## - EQUIVALENCE OR CROSS-REFERENCE-GEOGRAPHIC NAME/AREA NAME [OBSOLETE] [CAN/MARC only] | |
| General subdivision | 00039166 |
| 951 ## - EQUIVALENCE OR CROSS-REFERENCE-GEOGRAPHIC NAME/AREA NAME [OBSOLETE] [CAN/MARC only] | |
| -- | 33703 |
| -- | BT886/T15j/c.3 |
| -- | 100512173450906 |
| -- | 2000-12-21 |
| Withdrawn status | Lost status | Damaged status | Not for loan | Home library | Current library | Date acquired | Accession number | Shelving control number | Total Checkouts | Full call number | Barcode | Date last seen | Price effective from | Koha item type |
|---|---|---|---|---|---|---|---|---|---|---|---|---|---|---|
| BSOP Library | BSOP Library | 12/21/2000 | 33703 | 127 | BT886/T15j/c.3 | 00039166 | 02/23/2013 | 02/23/2013 | Books |
